000 00527nam a2200193 4500
003 OSt
005 20160412150034.0
008 160412b xxu||||| |||| 00| 0 eng d
020 _a0821350889
040 _c040a
082 _a338.9
_bWOR 2002
100 _aThe World Bank
_96272
245 _aWorld development indicarors /
_cThe World Bank
260 _aWashington
_bDevelopment data center
_c2002
300 _axxvii, 405p;
_bcol.ill :
_c25 cm
504 _aIncludes index
650 _aDevelopment
_9612
942 _2ddc
_cSLOAN
999 _c3455
_d3455